00715nam a2200241 a 4500001001300000003000900013005001700022008004100039020001000080082002200090100001800112245004500130260003700175300000900212500003500221505001100256650002300267700001800290902000800308942000700316952013500323999001500458nice12345678IN_TiNIC20260116012836.0050524s1991 dela grp 000 0 eng  ac20000a306.0899145bMUR. aMurthy, A S N aReligion and Societyb a Study of Koyas. aDelhibDiscovery Pub.Housec1991 a196p aincludes index and biblioraphy2 aIndex. aCaste-India-Kerala1 aMurthy, A S N bSRS cBK 001040708StackRoom-aHMIbHMId2007-04-02g200.00l1o306.0899145 MUR.p014195r2019-09-09s2019-07-23v200.00w2005-05-24yBK c8602d8602